00485nam a2200169Ia 4500008004100000020001800041041000800059082001500067100001200082245002700094260003900121300000900160440006000169500003900229650002500268700002200293230125s9999 xx 000 0 und d a1-84112-314-5 aeng a658.8bJON aJones T aTaking Ideas to Market c2002bCapstone publicationaLondon a112p aEssential Management Thinking At Your Fingertips Series aSeries Book;Innovation Series Book aMarketing Management aJones T & Kirby S